000 00621nam a2200229Ia 4500
003 OSt
005 20220928103130.0
006 a|||||r|||| 00| 0
007 ta
008 220927b |||||||| |||| 00| 0 eng d
024 _a44823
037 _cTextual
040 _aSDCL
_cSDCL
_beng
041 _2eng
_aeng
082 _aO152,1N:g, L6
100 _aKhare Ganesh
_9402469
245 0 _aAadhunik kavya-pravartiyan
_b Aik punarmulyankan.
260 _aKanpur
_bPustak Sansthan
_c1976
300 _a200p
_ccm.
942 _hO152,1N:g, L6
_cTEXL
_2CC
999 _c718303
_d718303